000 00321nam a22001457a 4500
008 230324b ||||| |||| 00| 0 eng d
020 _a9780133824278
041 _aeng
080 _a61
082 _a61WIL
100 _a4
101 _aMJEKSI
245 _aPEARSON NURSE'S DRUG GUIDE
_cWILSON.SH.SH
942 _2udc
_cBK
999 _c59449
_d59449